[Event "New York Open"]
[Site "New York USA"]
[Date "2000.05.06"]
[Round "4"]
[White "Grischuk,A"]
[Black "Grabliauskas,V"]
[Result "1/2-1/2"]
[WhiteElo "2581"]
[BlackElo "2463"]

1.e4 c5 2.Nf3 e6 3.d4 cxd4 4.Nxd4 Nc6 5.Nc3 Qc7 6.Be2 a6 7.O-O Nf6 8.Kh1 Nxd4
9.Qxd4 Bc5 10.Qd3 b5 11.f4 Bb7 12.Bf3 h5 13.e5 Ng4 14.Bxb7 Qxb7 15.Ne4 Be7
16.Be3 Rc8 17.c3 Qc6 18.Bd4 Nh6 19.b3 Nf5 20.Bf2 O-O 21.Rad1 Rfd8 22.Qe2 d5
23.exd6 Nxd6 24.Nxd6 Rxd6 25.Bd4 Rd5 26.f5 Bc5 27.Qxh5 Bxd4 28.Rxd4 g6 29.Qd1 Rxd4
30.cxd4 gxf5 31.h3 Qc3 32.d5 Rd8 33.d6 Qe5 34.d7 Qc7 35.Qd2 Rxd7 36.Qg5+ Kh7
37.Qh5+ Kg7 38.Qg5+ Kf8 39.Qh6+ Kg8  1/2-1/2

[Event "57th ch-POL"]
[Site "Plock POL"]
[Date "2000.05.07"]
[Round "10"]
[White "Kuczynski,R"]
[Black "Hnydiuk,A"]
[Result "1-0"]
[WhiteElo "2451"]
[BlackElo "2352"]

1.e4 c5 2.Nf3 e6 3.d4 cxd4 4.Nxd4 Nc6 5.Nc3 Qc7 6.Be2 a6 7.O-O Nf6 8.Be3 Be7
9.f4 d6 10.a4 O-O 11.Kh1 Rd8 12.Qe1 Nxd4 13.Bxd4 e5 14.Bg1 exf4 15.a5 Re8
16.Bb6 Qb8 17.Rxf4 Be6 18.Qg3 Nd7 19.Bd4 Ne5 20.Na4 Qc7 21.Nb6 Rab8 22.c4 Bf8
23.b3 g6 24.Rff1 Bg7 25.Rfd1 Qc6 26.Bf3 Rbd8 27.Ra2 h5 28.h3 Nxf3 29.Bxg7 Kxg7
30.Qxf3 Qc7 31.Rad2 Qe7 32.Rd4 Qf6 33.Qg3 h4 34.Qh2 Qg5 35.b4 Bd7 36.Rxd6 Bc6
37.Rxd8 Rxd8 38.Rxd8 Qxd8 39.Nd5 Qg5 40.Qd6 Qc1+ 41.Kh2 Qb2 42.Qf4 f6 43.Qc7+ Kh6
44.Qd6 Qe5+ 45.Qxe5 fxe5 46.Kg1 Kg7 47.Kf2 Kf7 48.Kf3 Bd7 49.Ne3 Ke7 50.Ng4 Ke6
51.Ke3 Ba4 52.Nh2 Kf6 53.Nf3 g5 54.Kd3 Bc6 55.Nh2 Bd7 56.Ng4+ Ke6 57.Ke3 Be8
58.Nh6 Ba4 59.Nf5 Bb3 60.Kd3 Ba4 61.Ne3 Be8 62.Nd5 Bc6 63.Ke3 Ba4 64.b5 Kd6
65.bxa6 bxa6 66.Nb4 Bb3 67.Nxa6 Bxc4 68.Nb4 Bf1 69.Kf3 Kc5 70.a6 Kb6 71.a7 Kxa7
72.Nc6+ Kb6 73.Nxe5 Kc5 74.Nf7 g4+ 75.hxg4 Kd4 76.Ng5 Ke5 77.Kf2 Bc4 78.Ke3 Bf1
79.Nf3+ Kf6 80.Nxh4 Kg5 81.Nf3+ Kg6 82.Kf4  1-0

[Event "Capablanca Mem Premier I"]
[Site "Varadero CUB"]
[Date "2000.05.07"]
[Round "1"]
[White "Perez,Lu"]
[Black "Fiorito,F"]
[Result "1/2-1/2"]
[WhiteElo "2459"]
[BlackElo "2459"]

1.e4 c5 2.Nf3 e6 3.d4 cxd4 4.Nxd4 Nc6 5.Nc3 Qc7 6.Be2 a6 7.O-O Nf6 8.Kh1 Be7
9.f4 d6 10.a4 O-O 11.Bf3 Rb8 12.Be3 Nxd4 13.Qxd4 e5 14.fxe5 dxe5 15.Qb6 Qxb6
16.Bxb6 Bd8 17.Bc5 Re8 18.Bd6 Ra8 19.Rad1 Bd7 20.Rd3 Bc6 21.b4 Rc8 22.b5 axb5
23.axb5 Bd7 24.Rb1 Ba5 25.Bb4 Bxb4 26.Rxb4 Be6 27.Kg1 Rc5 28.Rb2 g5 29.Na4 Rc7
30.g3 Rec8 31.Rd2 Nd7 32.Be2 Nf6 33.Bf3 Ra8 34.Nb6 Ra3 35.Rd3 Ra1+ 36.Kf2 Kg7
37.Rd2 Ra3 38.Ke2 Rc5 39.Rd3 Ra5 40.Rd6 Raxb5 41.Rxb5 Rxb5 42.Na4 Kf8 43.Nc3 Rc5
44.Kd2 Rc6 45.Rd8+ Ke7 46.Rb8 Rc7 47.Kd3 g4 48.Bg2 Rd7+ 49.Ke3 Ne8 50.Bf1 Rc7
51.Kd2 Nd6 52.Rh8 Rd7 53.Ke3 Bc4 54.Bd3 b5 55.Rxh7 Ke6 56.Rh6+  1/2-1/2

[Event "Japfa Open"]
[Site "Bali INA"]
[Date "2000.05.08"]
[Round "6"]
[White "Sadvakasov,D"]
[Black "Torre,E"]
[Result "1-0"]
[WhiteElo "2471"]
[BlackElo "2557"]

1.e4 c5 2.Nf3 Nc6 3.d4 cxd4 4.Nxd4 e6 5.Nc3 Qc7 6.Be2 a6 7.O-O Nf6 8.Be3 Be7
9.f4 d6 10.a4 O-O 11.Kh1 Rd8 12.Bd3 Nb4 13.a5 Bd7 14.Nb3 Rdc8 15.Be2 Bc6
16.Qd2 d5 17.Bb6 Qb8 18.e5 Ne4 19.Nxe4 dxe4 20.c4 Be8 21.Nd4 Nc6 22.Qe3 Nxd4
23.Qxd4 Bc6 24.Bd1 Rf8 25.Bc2 f5 26.exf6 Bxf6 27.Qe3 Bxb2 28.Rad1 Qc8 29.Bxe4 Bxe4
30.Qxe4 Re8 31.Rd6 Ba3 32.Rd3 Bc5 33.Rh3 h6 34.Rxh6 Bxb6 35.Qh7+ Kf8 36.f5 Qxc4
37.Qh8+ Ke7 38.Qxg7+ Kd6 39.Rd1+ Kc5 40.Qe5+ Kb4 41.Rb1+  1-0

[Event "Cat IV Women"]
[Site "Banja Dvorovi YUG"]
[Date "2000.05.08"]
[Round "3"]
[White "Dojkova,G"]
[Black "Todorovic,V"]
[Result "1-0"]
[WhiteElo "2087"]
[BlackElo "2151"]

1.e4 c5 2.Nf3 e6 3.d4 cxd4 4.Nxd4 Nc6 5.Nc3 d6 6.Bc4 Nf6 7.Bb3 Be7 8.f4 O-O
9.Be3 e5 10.Nxc6 bxc6 11.fxe5 Ng4 12.Bg1 Nxe5 13.Qd4 Bh4+ 14.Bf2 Qf6 15.O-O Ba6
16.Rfd1 c5 17.Bxh4 Nf3+ 18.Kh1 Qxd4 19.Rxd4 cxd4 20.gxf3 dxc3 21.Be7 Rfc8
22.bxc3 Bc4 23.Bxd6 Bxb3 24.cxb3 Rxc3 25.Kg2 Rc2+ 26.Kg3 Rd8 27.e5 h6 28.b4 Re8
29.a4 Re6 30.Bc5 a6 31.f4 Rg6+ 32.Kf3 Rxh2 33.b5 axb5 34.axb5 Rb2 35.Ra8+ Kh7
36.b6 Rb3+ 37.Ke4 Rg2 38.Ra7 Rb5 39.Bd6 Rgb2 40.Rxf7 Rxb6 41.f5 Rg2 42.f6 h5
43.Ra7 Rb3 44.f7 Rg4+ 45.Kd5 Rd3+ 46.Ke6 Rf3 47.f8=Q Rxf8 48.Bxf8 h4 49.Ra3 g5
50.Kd7 Rd4+ 51.Bd6 g4 52.e6 g3 53.e7 g2 54.Ra1 Ra4 55.Rg1  1-0

[Event "Cat IV Women"]
[Site "Banja Dvorovi YUG"]
[Date "2000.05.09"]
[Round "4"]
[White "Sakotic,J"]
[Black "Todorovic,V"]
[Result "1/2-1/2"]
[WhiteElo "2046"]
[BlackElo "2151"]

1.e4 c5 2.Nf3 e6 3.d4 cxd4 4.Nxd4 Nc6 5.Nc3 d6 6.Bc4 Nf6 7.O-O Be7 8.Bb3 O-O
9.f4 Bd7 10.Kh1 Nxd4 11.Qxd4 Bc6 12.f5 e5 13.Qd3 h6 14.Be3 a6 15.a4 Rc8 16.Rad1 Qa5
17.Bd2 Qb6 18.Qf3 Nd7 19.a5 Qc7 20.Nd5 b6 21.axb6 Qxb6 22.Bc3 Nc5 23.Ra1 Bg5
24.Ra5 Rc7 25.Rfa1 Ra8 26.Qe2 Rca7 27.Qh5  1/2-1/2

[Event "FSFM May"]
[Site "Budapest HUN"]
[Date "2000.05.09"]
[Round "4"]
[White "Dombai,I"]
[Black "Erdelyi,Z"]
[Result "1/2-1/2"]
[WhiteElo "2128"]
[BlackElo "2146"]

1.e4 c5 2.Nf3 e6 3.d4 cxd4 4.Nxd4 Nc6 5.Nc3 Qc7 6.Be3 a6 7.Be2 Nf6 8.O-O Bb4
9.Nxc6 bxc6 10.Na4 O-O 11.Nb6 Rb8 12.Nxc8 Rfxc8 13.Bxa6 Rd8 14.Bg5 Be7 15.Bc4 Qe5
16.Bxf6 Bxf6 17.Rb1 Rxb2 18.Rxb2 Qxb2 19.Bb3 Qe5 20.Qd3 d5 21.exd5 exd5 22.Rd1 g6
23.g3 Kg7 24.Kg2 h5 25.h4 Rb8 26.Qe3 Qxe3 27.fxe3 Rb4 28.Rf1 Rg4 29.Rf4 Rxf4  1/2-1/2

[Event "New York Open"]
[Site "New York USA"]
[Date "2000.05.09"]
[Round "7"]
[White "Lalic,B"]
[Black "Tregubov,P"]
[Result "0-1"]
[WhiteElo "2548"]
[BlackElo "2615"]

1.e4 c5 2.Nf3 e6 3.d4 cxd4 4.Nxd4 Nc6 5.Nc3 Qc7 6.Be2 a6 7.O-O Nf6 8.Kh1 Nxd4
9.Qxd4 Bc5 10.Qd3 b5 11.f4 Bb7 12.Bf3 h5 13.e5 Ng4 14.Bxb7 Qxb7 15.Ne4 Be7
16.b3 Nh6 17.Bb2 h4 18.Qf3 Rb8 19.Rad1 Nf5 20.Rf2 O-O 21.Rfd2 Rfd8 22.Bd4 d5
23.exd6 Nxd6 24.Nxd6 Qxf3 25.gxf3 Rxd6 26.Kg2 Rc8 27.c3 f6 28.Kh3 Kf7 29.Kxh4 e5
30.Bf2 f5+ 31.Kh3 Rg6 32.Bg3 exf4  0-1

[Event "Capablanca Mem Premier I"]
[Site "Varadero CUB"]
[Date "2000.05.09"]
[Round "3"]
[White "Zapata,A"]
[Black "Franco Ocampos,Z"]
[Result "1/2-1/2"]
[WhiteElo "2457"]
[BlackElo "2511"]

1.e4 c5 2.Nf3 Nc6 3.d4 cxd4 4.Nxd4 e6 5.Nc3 Qc7 6.Be2 a6 7.Be3 b5 8.Nxc6 dxc6
9.f4 Bb7 10.O-O Be7 11.Qe1 c5 12.Bf3 b4 13.Na4 Nf6 14.e5 Nd5 15.c4 bxc3 16.Nxc3 Nxe3
17.Qxe3 O-O 18.Rad1  1/2-1/2

[Event "Capablanca Mem Elite"]
[Site "Varadero CUB"]
[Date "2000.05.09"]
[Round "3"]
[White "Dominguez,L"]
[Black "Stefansson,H"]
[Result "1-0"]
[WhiteElo "2508"]
[BlackElo "2566"]

1.e4 c5 2.Nf3 Nc6 3.d4 cxd4 4.Nxd4 e6 5.Nc3 Qc7 6.f4 a6 7.Nxc6 Qxc6 8.Bd3 b5
9.Qe2 Bb7 10.Bd2 Bc5 11.O-O-O Ne7 12.Qh5 b4 13.Na4 d5 14.Nxc5 Qxc5 15.Rhe1 a5
16.Be3 Qc7 17.exd5 Nxd5 18.f5 O-O-O 19.fxe6 fxe6 20.Bg5 Rd6 21.Re5 Kb8 22.Rde1 Nc3
23.Rxe6 Rxd3 24.Re8+ Ka7 25.cxd3 Rxe8 26.Qxe8 Nd5+ 27.Kb1 Qxh2 28.Be3+ Ka6
29.Bg1  1-0

[Event "FSIM May"]
[Site "Budapest HUN"]
[Date "2000.05.10"]
[Round "5"]
[White "Pilgaard,K"]
[Black "Yu Mingyuan"]
[Result "1/2-1/2"]
[WhiteElo "2377"]
[BlackElo "2419"]

1.e4 c5 2.Nf3 e6 3.d4 cxd4 4.Nxd4 Nc6 5.Nc3 Qc7 6.f4 a6 7.Nxc6 bxc6 8.Bd3 d5
9.O-O Nf6 10.Qf3 Bb4 11.e5 Nd7 12.Na4 Nb6 13.Nxb6 Qxb6+ 14.Kh1 O-O 15.Be3 Bc5
16.Bxc5 Qxc5 17.Qh3 g6 18.Rf3 f5 19.exf6 Rxf6 20.Qh4 Qf8 21.Raf1 Ra7 22.Qg5 Raf7
23.Qe5 c5 24.c3 Bb7 25.R3f2 Qa8 26.Kg1 Rf8 27.h4 Qb8 28.b4 Qxe5 29.fxe5 Rxf2
30.Rxf2 Rc8 31.Rc2 Kf7 32.Kf2 Ke7 33.Ke3 d4+ 34.cxd4 cxb4 35.Rxc8 Bxc8 36.g4 Bb7
37.Bc4 a5 38.Kd3 Bc6 39.Kc2 a4 40.g5 Bd5 41.Kd3 Kf7 42.Bxd5 exd5 43.Kc2 Ke6
44.Kd3 Kf7 45.Kc2  1/2-1/2

[Event "Japfa Open"]
[Site "Bali INA"]
[Date "2000.05.11"]
[Round "9"]
[White "Beshukov,S"]
[Black "Ardiansyah,H"]
[Result "1-0"]
[WhiteElo "2460"]
[BlackElo "2396"]

1.e4 c5 2.Nf3 Nc6 3.Nc3 e6 4.d4 cxd4 5.Nxd4 Qc7 6.Be2 a6 7.O-O Nf6 8.Be3 Bb4
9.Na4 O-O 10.c4 Bd6 11.g3 Nxe4 12.Bf3 Nf6 13.c5 Be7 14.Rc1 Nxd4 15.Qxd4 e5
16.Qc3 d5 17.cxd6 Qxc3 18.dxe7 Qb4 19.Bc5 Qxc5 20.Rxc5 Re8 21.Nb6 Rb8 22.Rxc8 Rbxc8
23.Nxc8 e4 24.Rd1  1-0

[Event "Cat IV Women"]
[Site "Banja Dvorovi YUG"]
[Date "2000.05.12"]
[Round "6"]
[White "Sasu Ducsoara,An"]
[Black "Todorovic,V"]
[Result "1-0"]
[WhiteElo "2230"]
[BlackElo "2151"]

1.e4 c5 2.Nf3 e6 3.d4 cxd4 4.Nxd4 Nc6 5.Nc3 d6 6.g3 a6 7.Bg2 Qc7 8.a4 Nf6
9.O-O Rb8 10.Be3 Be7 11.h3 O-O 12.Qe2 Ne5 13.Rad1 Bd7 14.Bc1 Rfc8 15.g4 Qc4
16.f4 Qxe2 17.Ndxe2 Ng6 18.e5 dxe5 19.fxe5 Nd5 20.Nxd5 exd5 21.Bxd5 Be8 22.e6 f6
23.Bb3 b5 24.axb5 Bxb5 25.Rfe1 Ne5 26.Nd4 Bc5 27.Kf2 Nc4 28.Kf3 Na5 29.Ba2 Bc4
30.Bxc4 Nxc4 31.b3 Ne5+ 32.Kf2 Rd8 33.Bb2 Rbc8 34.c3 Kf8 35.Rd2 Rb8 36.Kg2 Rd6
37.b4 Ba7 38.Rde2 Nc4 39.Bc1 Rbd8 40.e7+ Ke8 41.exd8=Q+  1-0

[Event "Capablanca Mem Elite"]
[Site "Varadero CUB"]
[Date "2000.05.12"]
[Round "5"]
[White "Kobalija,M"]
[Black "Stefansson,H"]
[Result "1/2-1/2"]
[WhiteElo "2593"]
[BlackElo "2566"]

1.e4 c5 2.Nf3 Nc6 3.d4 cxd4 4.Nxd4 e6 5.Nc3 Qc7 6.Be3 a6 7.Qd2 Nf6 8.O-O-O b5
9.Nxc6 Qxc6 10.f3 Bb7 11.g4 b4 12.Ne2 d5 13.e5 Nd7 14.Bd4 a5 15.Kb1 Bc5 16.Bxc5 Qxc5
17.f4 O-O 18.Nd4 a4 19.h4 Rfc8 20.Bh3 Ba6 21.Bg2 b3 22.cxb3 axb3 23.Nxb3 Qa7
24.Nc1 Nb6 25.b3 Qb8 26.Qb2 Rc6 27.Bf1 Qc7 28.Bxa6 Rxa6 29.Nd3 Qe7 30.Qd4 h5
31.gxh5 Nc4 32.bxc4 Qa3 33.Rh2 dxc4 34.Rb2 cxd3 35.Rxd3 Qa4 36.Qxa4 Rxa4
37.f5 Rxh4 38.Rb8+ Kh7 39.Rd7 Rxh5 40.f6 Kg6 41.Rg8 Rxe5  1/2-1/2

[Event "ch-TKM"]
[Site "Ashgabat TKM"]
[Date "2000.05.14"]
[Round "3"]
[White "Geldyev,G"]
[Black "Grigoryan,K"]
[Result "1/2-1/2"]
[WhiteElo "2308"]
[BlackElo "2362"]

1.e4 c5 2.Nf3 e6 3.d4 cxd4 4.Nxd4 Nc6 5.Nc3 Qc7 6.Be2 Nf6 7.O-O a6 8.Be3 Be7
9.f4 d6 10.a4 O-O 11.Kh1 Re8 12.Bf3 Rb8 13.Qd2 Na5 14.Qf2 Nc4 15.Bc1 e5 16.Nde2 exf4
17.Nxf4 Be6  1/2-1/2

[Event "Capablanca Mem Premier II"]
[Site "Varadero CUB"]
[Date "2000.05.14"]
[Round "7"]
[White "Del Rio Angelis,S"]
[Black "Moreno,J"]
[Result "1/2-1/2"]
[WhiteElo "2463"]
[BlackElo "2506"]

1.e4 c5 2.Nf3 Nc6 3.Nc3 e6 4.d4 cxd4 5.Nxd4 Nf6 6.Be2 Bb4 7.O-O Bxc3 8.bxc3 Nxe4
9.Qd3 d5 10.Ba3 Nd6 11.Qg3 Nxd4 12.cxd4 Nf5 13.Qd3 f6 14.c4 Kf7  1/2-1/2

[Event "Leonid Stein Mem B"]
[Site "Lviv UKR"]
[Date "2000.05.15"]
[Round "4"]
[White "Sulypa,A"]
[Black "Taimanov,M"]
[Result "1-0"]
[WhiteElo "2449"]
[BlackElo "2402"]

1.e4 c5 2.Nf3 e6 3.d4 cxd4 4.Nxd4 Nc6 5.Nc3 a6 6.Be3 Nge7 7.Nb3 d6 8.Na4 b5
9.Nb6 Rb8 10.Nxc8 Nxc8 11.c4 Be7 12.Rc1 Qd7 13.cxb5 axb5 14.Be2 O-O 15.O-O Qb7
16.f4 N8a7 17.a3 Rfc8 18.Qd2 Qa6 19.Nd4 Nxd4 20.Qxd4 Nc6 21.Qd3 Bf6 22.Rc2 Ne7
23.Rfc1 g6 24.Rxc8+ Nxc8 25.Rc2 Qa5 26.b4 Qa6 27.Kf2 h5 28.g3 Kg7 29.Rc7 Bd8
30.Rd7 Bf6 31.Rc7 Kg8 32.f5 Be5 33.fxg6 fxg6 34.Qc2 Nb6 35.Qc6 Qxa3 36.Bxb6 Rf8+
37.Kg2 Qxb4 38.Rc8 Qb1 39.Rxf8+ Kxf8 40.Bc7 Ke7 41.Bxb5 Kf6 42.Bd8+ Kg7 43.Bg5 d5
44.Qd7+ Kh8 45.Qxe6 Qxe4+ 46.Kh3 Kh7 47.Bc6  1-0

[Event "ch-IND"]
[Site "Mumbai IND"]
[Date "2000.05.15"]
[Round "1"]
[White "Barua,D"]
[Black "Ganguly,S"]
[Result "1-0"]
[WhiteElo "2555"]
[BlackElo "2440"]

1.e4 c5 2.Nf3 e6 3.d4 cxd4 4.Nxd4 Nc6 5.Nc3 Qc7 6.Be2 a6 7.O-O Nf6 8.Be3 Bb4
9.Na4 Be7 10.Nxc6 bxc6 11.Nb6 Rb8 12.Nxc8 Qxc8 13.e5 Nd5 14.Bc1 Bc5 15.c4 Ne7
16.b3 Qc7 17.Bb2 Ng6 18.Kh1 O-O 19.Bd3 Nxe5 20.Bxh7+ Kxh7 21.Qh5+ Kg8 22.Bxe5 d6
23.Bf6 gxf6 24.f4  1-0

[Event "Open"]
[Site "Pula CRO"]
[Date "2000.05.17"]
[Round "2"]
[White "Krstic,U"]
[Black "Morovic Fernandez,I"]
[Result "1-0"]
[WhiteElo "2386"]
[BlackElo "2611"]

1.e4 c5 2.Nf3 e6 3.d4 cxd4 4.Nxd4 Nc6 5.Nc3 a6 6.Nxc6 bxc6 7.Bd3 d5 8.O-O Nf6
9.Qe2 Bb7 10.Kh1 Be7 11.b3 Qc7 12.Bb2 O-O 13.Na4 c5 14.e5 Nd7 15.f4 g6 16.c4 d4
17.Rae1 Rae8 18.Qg4 Bd8 19.Qg3 Bc6 20.Bc1 f5 21.exf6 Bxf6 22.Qh3 Qd6 23.Nb2 e5
24.fxe5 Bxe5 25.Nd1 Bg7 26.Kg1 Rxe1 27.Rxe1 Be5 28.Bh6 Re8 29.Bd2 Nf6 30.Nf2 Bf4
31.Rxe8+ Bxe8 32.Bxf4 Qxf4 33.Qe6+ Kg7 34.Qe7+ Bf7 35.Qxc5 Qc1+ 36.Bf1 Qe3
37.Qc6 Be6 38.Qf3 Qc3 39.Qxc3 dxc3 40.Bd3 Bf5 41.Bxf5 gxf5 42.Nd3 h5 43.Kf1 h4
44.Ke2 h3 45.gxh3 Ne4 46.Kd1 Kf6 47.b4 Kg5 48.b5  1-0

[Event "ch-NED"]
[Site "Rotterdam NED"]
[Date "2000.05.17"]
[Round "9"]
[White "Tiviakov,S"]
[Black "Van der Sterren,P"]
[Result "0-1"]
[WhiteElo "2567"]
[BlackElo "2526"]

1.e4 c5 2.Nf3 e6 3.d4 cxd4 4.Nxd4 Nc6 5.Nc3 Qc7 6.g3 a6 7.Bg2 Nf6 8.O-O Nxd4
9.Qxd4 Bc5 10.Bf4 d6 11.Qd2 h6 12.Rad1 e5 13.Be3 Be6 14.Bxc5 dxc5 15.f4 O-O
16.Qd6 Qa5 17.f5 Bc4 18.Rfe1 Rfe8 19.Qd2 Rad8 20.Qe3 Rd4 21.a4 Red8 22.Bf3 Qb4
23.Rb1 Rd2 24.Red1 Rxd1+ 25.Bxd1 b5 26.axb5 Bxb5 27.Bf3 Qd4 28.Re1 Qd2 29.Nxb5 axb5
30.Re2 Qd1+ 31.Kg2 c4 32.Qc5 Rd2 33.Rxd2 Qxd2+ 34.Qf2 Qc1 35.c3 Qb1 36.Qe2 Nd7
37.Qd2 Nc5 38.Qd5 Nd3 39.Qxb5 Ne1+ 40.Kf2 Nd3+ 41.Kg2 Qc2+ 42.Kh3 Nf2+ 43.Kh4 Qd2
44.Qe8+ Kh7 45.Qe7 f6 46.g4 Qf4  0-1

[Event "Capablanca Mem Premier I"]
[Site "Varadero CUB"]
[Date "2000.05.17"]
[Round "9"]
[White "Perez,Lu"]
[Black "Paramos Dominguez,R"]
[Result "0-1"]
[WhiteElo "2459"]
[BlackElo "2431"]

1.e4 c5 2.Nf3 e6 3.d4 cxd4 4.Nxd4 Nc6 5.Nc3 Qc7 6.Be2 a6 7.O-O Nf6 8.Kh1 Be7
9.f4 d6 10.a4 O-O 11.Be3 Re8 12.Bf3 Rb8 13.g4 Nxd4 14.Bxd4 e5 15.fxe5 dxe5
16.Ba7 Ra8 17.g5 Rd8 18.Qe2 Ne8 19.Be3 Be6 20.Bg4 Nd6 21.Bxe6 fxe6 22.Qg4 Qc4
23.g6 hxg6 24.Qxg6 Rf8 25.Rg1 Rf7 26.Bh6 Bf8 27.Rad1 Ne8 28.Rd3 Bc5 29.Be3 Bd4
30.Bxd4 exd4 31.b3 Qc6 32.Nd1 Qxc2 33.Rdg3 Nd6 34.Qxe6 Qxe4+ 35.Qxe4 Nxe4
36.Rd3 Rf4 37.Re1 Rc8 38.Re2 Nc5 39.Rc2 b6 40.Kg2 Re8 41.Rf3 d3 42.Rc3 Re2+
43.Kg3 Rd4 44.Rc4 Rxc4 45.bxc4 Re1  0-1

[Event "ch-RUS Women"]
[Site "Elista RUS"]
[Date "2000.05.18"]
[Round "8"]
[White "Saunina,L"]
[Black "Vasilevich,I"]
[Result "1-0"]
[WhiteElo "2260"]
[BlackElo "2054"]

1.e4 c5 2.Nf3 e6 3.d4 cxd4 4.Nxd4 Nc6 5.Nc3 Qc7 6.Be2 a6 7.O-O Nf6 8.Be3 Be7
9.f4 d6 10.a4 O-O 11.Kh1 Nxd4 12.Qxd4 Nd7 13.Qd2 b6 14.f5 Ne5 15.Bd4 Bf6
16.Qe3 Rb8 17.Rad1 Qc6 18.Qg3 b5 19.axb5 axb5 20.Bd3 b4 21.Ne2 Bb7 22.Nf4 Kh8
23.fxe6 fxe6 24.Nxe6 Rg8 25.Nf4 Qe8 26.Nd5 Bxd5 27.exd5 Qh5 28.Bf5 Rgf8 29.Ra1 Ra8
30.b3 Rxa1 31.Bxa1 Bh4 32.Qh3 Ng4 33.Bd4 Rxf5 34.Rxf5 Qxf5 35.Qxh4 Nf6 36.h3 Qxd5
37.Bxf6 gxf6 38.Qxf6+ Kg8 39.Qd8+ Kg7 40.Qd7+ Kh6 41.Qg4 Qd2 42.h4 Qe1+ 43.Kh2 Qe5+
44.g3 Qc5 45.Kh3 Qd5 46.Qe2 Kg7 47.h5 Kh6 48.g4 Qh1+ 49.Kg3 Qg1+ 50.Kf4 Qd4+
51.Kf3 Qf6+ 52.Kg2 Kg5 53.Qe4 Qe5 54.Qxb4 Qe2+ 55.Kg1 Qd1+ 56.Kf2 Qxc2+ 57.Ke3 Qd1
58.Qf4+ Kh4 59.Qf2+ Kg5 60.Qf5+ Kh4 61.Qf6+ Kxg4 62.Qd4+  1-0

[Event "ch-RUS Women"]
[Site "Elista RUS"]
[Date "2000.05.18"]
[Round "8"]
[White "Komiagina,M"]
[Black "Kharashkina,B"]
[Result "1/2-1/2"]
[WhiteElo "2120"]
[BlackElo "2090"]

1.e4 c5 2.Nc3 e6 3.Nf3 Nc6 4.d4 cxd4 5.Nxd4 Nf6 6.Nxc6 bxc6 7.Bd3 d5 8.O-O Be7
9.f4 Bb7 10.e5 Nd7 11.Qh5 Qc7 12.Kh1 g6 13.Qh3 c5 14.Nb5 Qc6 15.c4 d4 16.Bd2 a5
17.Rae1 Nb6 18.f5 gxf5 19.Nd6+ Bxd6 20.exd6 O-O-O 21.Bf4 Rhg8 22.Bg3 Rxd6
23.Rf2 Rgd8 24.Qxh7 Rf8 25.Qh6 Nd7 26.Qd2 Nf6 27.Qxa5 Ng4 28.Rf3 Ne3 29.b4 f4
30.Bxf4 Nxg2 31.Be4 Qd7 32.Qxc5+ Kd8 33.Rd1 Nxf4 34.Bxb7 Qxb7 35.Rxd4 Ke8
36.Rxf4 f5 37.Qb5+ Qxb5 38.cxb5 Ke7 39.Rg3 Rh8 40.a4 e5 41.Rc4 f4 42.Rf3 Rhd8
43.Rf2 f3 44.Rxf3 Rd2 45.h4 Rg8 46.Rc7+  1/2-1/2

[Event "Open"]
[Site "Pula CRO"]
[Date "2000.05.18"]
[Round "3"]
[White "Filipenko,A"]
[Black "Bistric,F"]
[Result "1-0"]
[WhiteElo "2370"]
[BlackElo "2474"]

1.e4 c5 2.Nf3 e6 3.d4 cxd4 4.Nxd4 Nc6 5.Nc3 Qc7 6.f4 a6 7.Nxc6 bxc6 8.Bd3 Bc5
9.Qg4 Ne7 10.Qxg7 Rg8 11.Qxh7 Rxg2 12.Qh3 Rg8 13.e5 Nd5 14.Ne4 Be7 15.Bd2 Rb8
16.b3 c5 17.Qh7 Rf8 18.Rg1 d6 19.exd6 Bxd6 20.Nxd6+ Qxd6 21.Rg8 Nb4 22.Rxf8+ Kxf8
23.Qh6+ Ke8 24.Bc3 Qd5 25.Qh8+ Kd7 26.Bxb4 Qh1+ 27.Kf2 Bb7 28.Rxh1 Rxh8 29.Bc3  1-0

[Event "ch-TKM"]
[Site "Ashgabat TKM"]
[Date "2000.05.20"]
[Round "8"]
[White "Odeev,H"]
[Black "Grigoryan,K"]
[Result "1/2-1/2"]
[WhiteElo "2425"]
[BlackElo "2362"]

1.e4 c5 2.Nf3 e6 3.d4 cxd4 4.Nxd4 Nc6 5.Nc3 a6 6.Be2 Qc7 7.O-O Nf6 8.Kh1 Be7
9.f4 d6 10.Be3 O-O 11.Qe1 e5 12.Nxc6 bxc6 13.Qg3 Kh8 14.Rad1 Rb8 15.b3 a5
16.h3 Rb4 17.fxe5 dxe5 18.Bd3 Be6 19.Bc1  1/2-1/2

[Event "ch-TKM"]
[Site "Ashgabat TKM"]
[Date "2000.05.20"]
[Round "8"]
[White "Annageldyev,O"]
[Black "Kudriashov,A"]
[Result "1-0"]
[WhiteElo "2455"]
[BlackElo "2368"]

1.e4 c5 2.Nf3 e6 3.d4 cxd4 4.Nxd4 Nc6 5.Nc3 Qc7 6.Be3 a6 7.Bd3 g6 8.O-O Bg7
9.Ndb5 axb5 10.Nxb5 Qb8 11.Bb6 Be5 12.f4 Bxf4 13.Rxf4 Qxf4 14.Nc7+ Kf8 15.Nxa8 Nge7
16.Qe2 Qe5 17.c3 Kg7 18.Rf1 Rf8 19.Qf2 f6 20.Bc7 Qg5 21.h4 Qg4 22.Bd6 f5
23.Nb6 Re8 24.Nc4 g5 25.hxg5 Qxg5 26.Bf4 Qg6 27.Nd6 Rf8 28.exf5 Nxf5 29.Bxf5 exf5
30.Qh4 Qf6 31.Nxf5+ Kh8 32.Qh6 Rf7 33.Nd6  1-0

[Event "Leonid Stein Mem B"]
[Site "Lviv UKR"]
[Date "2000.05.21"]
[Round "9"]
[White "Kozakov,M"]
[Black "Taimanov,M"]
[Result "0-1"]
[WhiteElo "2426"]
[BlackElo "2402"]

1.e4 c5 2.Nf3 e6 3.d4 cxd4 4.Nxd4 Nc6 5.Nc3 a6 6.Be3 Qc7 7.Bd3 b5 8.f4 Nxd4
9.Bxd4 Bb7 10.O-O Bc5 11.Bxc5 Qxc5+ 12.Kh1 Ne7 13.e5 O-O 14.Ne4 Bxe4 15.Bxe4 Rad8
16.Qd3 g6 17.Rad1 Nc8 18.Bb7 Qb6 19.Bxc8 Rxc8 20.c3 Rfd8 21.Qd6 Rc6 22.Qe7 d5
23.Rd3 Rdc8 24.f5 exf5 25.Rxd5 Re6 26.Qh4 Rc5 27.Rfd1 Rxd5 28.Rxd5 Qe3 29.h3 Rxe5
30.Rd8+ Kg7 31.Qb4 Re7 32.Qd6 f4 33.Qd4+ Qxd4 34.Rxd4 g5 35.Rd2 Re1+ 36.Kh2 h5
37.Rc2 f5 38.h4 g4 39.g3 f3  0-1

[Event "City-ch"]
[Site "Lisbon POR"]
[Date "2000.05.22"]
[Round "5"]
[White "Lima,P"]
[Black "Santos,AP"]
[Result "0-1"]
[WhiteElo "2049"]
[BlackElo "2272"]

1.e4 c5 2.Nf3 Nc6 3.d4 cxd4 4.Nxd4 e6 5.Nc3 Qc7 6.Be2 a6 7.O-O b5 8.Nxc6 Qxc6
9.a3 Bb7 10.Bf3 Qc7 11.Qe2 Rc8 12.Be3 Nf6 13.Rad1 Be7 14.Qd2 d6 15.Bf4 Rd8
16.Qe3 Nd7 17.Rd3 O-O 18.Rfd1 Ne5 19.Bxe5 dxe5 20.b4 Rxd3 21.Rxd3 h6 22.Qd2 Rd8
23.Rxd8+ Bxd8 24.Qd3 Be7 25.h3 Kf8 26.Nd1 Qb6 27.Be2 Qd4 28.Nc3 Bg5 29.a4 Bd2
30.axb5 Bxc3 31.bxa6 Bxe4 32.Qxd4 Bxd4 33.c4 Ke7 34.Kf1 Kd8 35.f3 Ba8 36.Bd1 Bc3
37.b5 Bd4 38.Ke2 Kc7 39.Kd3 f5 40.g4 Kb6 41.Be2 Kc5 42.Kd2 g6 43.Kc2 Kb4
44.Kd2 Bb6 45.Kc2 g5 46.Kd2 e4 47.fxe4 Bxe4 48.gxf5 exf5 49.Bf1 f4  0-1

[Event "ch-TKM"]
[Site "Ashgabat TKM"]
[Date "2000.05.24"]
[Round "12"]
[White "Ovezov,A"]
[Black "Kudriashov,A"]
[Result "1-0"]
[WhiteElo "2305"]
[BlackElo "2368"]

1.e4 c5 2.Nf3 e6 3.d4 cxd4 4.Nxd4 Nc6 5.Nc3 Qc7 6.Be3 a6 7.Be2 Nf6 8.f4 d6
9.Qd2 Be7 10.O-O O-O 11.Rad1 Bd7 12.Bf3 Rac8 13.Qf2 b5 14.Nxc6 Bxc6 15.a3 e5
16.Rd2 exf4 17.Bxf4 Nd7 18.Bg4 Rfd8 19.Bxd7 Rxd7 20.Qg3 Kh8 21.Kh1 a5 22.e5 Rcd8
23.Rfd1 Qb7 24.exd6 Bf6 25.b4 axb4 26.axb4 Re8 27.Nd5 Bxd5 28.Rxd5 Re4 29.c3 Bxc3
30.Qxc3 Rxf4 31.Qe3  1-0

[Event "ch-IND"]
[Site "Mumbai IND"]
[Date "2000.05.26"]
[Round "10"]
[White "Thipsay,P"]
[Black "Ganguly,S"]
[Result "0-1"]
[WhiteElo "2475"]
[BlackElo "2440"]

1.e4 c5 2.Nf3 e6 3.d4 cxd4 4.Nxd4 Nc6 5.Nc3 Qc7 6.Be2 a6 7.Be3 Nf6 8.O-O Bb4
9.Na4 Be7 10.Nxc6 bxc6 11.Bd3 c5 12.c4 Bb7 13.Nc3 O-O 14.f4 d6 15.Kh1 Rad8
16.Qc2 Rfe8 17.Bg1 Nd7 18.Rae1 Bc6 19.Re3 Bf8 20.Rh3 g6 21.f5 Bg7 22.Be3 Qb7
23.Bg5 f6 24.Bh4 exf5 25.exf5 g5 26.Be1 Nb6 27.Kg1 Kh8 28.Rg3 d5 29.cxd5 Nxd5
30.Nxd5 Bxd5 31.b3 h6 32.Bf2 Bf8 33.Re1 Bd6 34.Rge3 Rxe3 35.Bxe3 Qb8 36.h3 Bh2+
37.Kf1 Qg3 38.Bxa6 Re8 39.Qf2 Qd6 40.Bb5 Bg3 41.Qe2 Re7 42.Rd1 Rxe3 43.Qxe3 Bc4+
44.Rd3 Bxb5 45.Ke2 Bf4 46.Qe4 Qe5 47.Kf3 Qxe4+  0-1

[Event "ch-Europe Women"]
[Site "Batumi GEO"]
[Date "2000.05.28"]
[Round "1.2"]
[White "Gaponenko,I"]
[Black "Alexandria,N"]
[Result "0-1"]
[WhiteElo "2377"]
[BlackElo "2320"]

1.e4 c5 2.Nf3 e6 3.d4 cxd4 4.Nxd4 Nc6 5.Nc3 Qc7 6.Be3 a6 7.Bd3 Nf6 8.O-O Ne5
9.h3 Bc5 10.f4 Nc6 11.Nf5 Qa5 12.Nxg7+ Kf8 13.Bxc5+ Qxc5+ 14.Kh1 Kxg7 15.e5 Ne8
16.Ne4 Qe7 17.Qh5 d5 18.Rf3 h6 19.Rg3+ Kf8 20.Ng5 f5 21.exf6 Nxf6 22.Qg6 hxg5
23.fxg5 Ne5 24.Qxf6+ Qxf6 25.gxf6 Rg8 26.Rxg8+ Kxg8 27.g4 Kf7 28.g5 Nxd3
29.cxd3 e5 30.Kg2 Bf5 31.Kg3 Rc8 32.Re1 Ke6 33.d4 e4 34.h4 Bg6 35.Kg4 Bf5+
36.Kf4 Bg6 37.Re3 Rc1 38.Rb3 Rf1+ 39.Kg4 Rg1+ 40.Kh3 Rh1+ 41.Kg3 b5 42.Ra3 Rg1+
43.Kf2 Rg4 44.Rxa6+ Kf7 45.Ra7+ Ke6 46.Re7+ Kf5 47.h5 Rf4+ 48.Ke3 Rf3+ 49.Kd2 Bxh5
50.Re5+ Kf4 51.Rxd5 e3+ 52.Kd3 Bg6+ 53.Kc3 b4+  0-1

[Event "57th ch-POL"]
[Site "Plock POL"]
[Date "2000.05.28"]
[Round "1"]
[White "Gdanski,J"]
[Black "Macieja,B"]
[Result "1/2-1/2"]
[WhiteElo "2535"]
[BlackElo "2538"]

1.e4 c5 2.Nf3 e6 3.d4 cxd4 4.Nxd4 Nc6 5.Nc3 Qc7 6.g3 a6 7.Bg2 Nf6 8.O-O Nxd4
9.Qxd4 Bc5 10.Bf4 d6 11.Qd2 h6 12.Rad1 e5 13.Be3 Be6 14.Bxc5 dxc5 15.Nd5 Bxd5
16.exd5 Qd6 17.f4 O-O 18.fxe5 Qxe5 19.c4 Qd6 20.Qf4 Rfd8 21.b4 Rac8 22.Rb1 cxb4
23.Qxd6 Rxd6 24.Rxb4 b6 25.Rfb1 a5 26.Bh3 Nd7 27.Bxd7 Rxd7 28.Rxb6 Rxc4 29.Rd1 Rc2
30.a4 Rc4 31.d6 Rxa4 32.Rc6 Kh7 33.Rc7 Rxc7 34.dxc7 Rc4 35.Ra1 Rxc7 36.Rxa5 Rc2
37.h4 Kg6 38.Rb5 Rd2 39.Ra5 Kf6 40.Rb5 g6 41.Ra5 g5 42.Ra6+ Kg7 43.hxg5 hxg5
44.Rb6 f6 45.Ra6 Kg6 46.Ra5 f5 47.Kf1 Kf6 48.Rb5 g4 49.Ra5 Ke6 50.Rb5 Rd5
51.Rb8 Rd3 52.Kf2 Rd2+ 53.Kf1 Ke5 54.Re8+ Kd4 55.Re7 Rd3 56.Kf2 Rf3+ 57.Kg2 Re3
58.Rd7+ Ke4  1/2-1/2